Rome au siècle D'Auguste ou voyage d'un gaulois a Rome a l'époque du règne D'Auguste (Registro nro. 87414)
[ vista simple ]
| 000 -ENCABEZADO | |
|---|---|
| Número de control [NR] | 00711nam a22001937a 4500 |
| 008 - DE LONGITUD FIJA DE DATOS DE ELEMENTOS - INFORMACIÓN GENERAL | |
| Elementos de longitud fija [NR] | 130821s1870 fr gr fre |
| 040 ## - FUENTE DE CATALOGACION [NR] | |
| Agencia de catalogación original [NR] | Co-BoUCM |
| Idioma de catalogación [NR] | spa |
| 041 00 - CODIGO DE IDIOMA [R] | |
| Código de idioma para texto/pista de sonido o título separado [R] | Francés |
| 100 ## - ASIENTO PRINCIPAL--NOMBRE PERSONAL [NR] | |
| Nombre personal [NR] | Dezobri, Ch. |
| ID Autoridad | 150484 |
| 245 00 - MENCION DE TITULO [NR] | |
| Título [NR] | Rome au siècle D'Auguste ou voyage d'un gaulois a Rome a l'époque du règne D'Auguste |
| Mención de responsabilidad, etc. [NR] | Par Ch. Dezobri |
| 250 ## - MENCION DE EDICION [NR] | |
| Mención de edición [NR] | 3a. ed |
| 260 ## - PUBLICACION, DISTRIBUCION, ETC. (PIE DE IMPRENTA) [R] | |
| Lugar de publicación, distribución, etc. [R] | París (Francia) |
| Nombre del editor, distribuidor, etc. [R] | Garnier Frères |
| Fecha de publicación, distribución, etc. [R] | 1870 |
| 300 ## - DESCRIPCION FISICA [R] | |
| Extensión [R] | 4 volúmenes |
| 650 04 - ASIENTO SECUNDARIO DE MATERIA - TERMINO TEMATICO [R] | |
| Término temático o nombre geográfico como elemento de entrada [NR] | Historia |
| Subdivisión cronológica [R] | Imperio, 63 a. C.-14 d. C. |
| 9 (RLIN) | 7695 |
| 651 ## - ASIENTO SECUNDARIO DE MATERIA - NOMBRE GEOGRAFICO [R] | |
| Nombre geográfico [NR] | Roma (Italia) |
| 9 (RLIN) | 27287 |
| 651 ## - ASIENTO SECUNDARIO DE MATERIA - NOMBRE GEOGRAFICO [R] | |
| Nombre geográfico [NR] | Roma (Italia) |
| Subdivisión general [R] | Historia |
| Subdivisión cronológica [R] | Imperio, 63 a. C.-14 d. C. |
| 9 (RLIN) | 150485 |
| 942 ## - ELEMENTOS DE ENTRADA AGREGADOS (KOHA) | |
| Tipo de ítem principal el descrito en 300a | Libro |
| Tema principal | [No clasificado] |
| Edición | 3 |
| Parte restante de la signatura top. | D39 |
| Título oculto en OPAC | No |
| Sistema de clasificación | DEWEY |
| Clasificación | 949.501 |
| Signatura topográfica | Código de barras | Última vez visto | Volúmen / Fascículo | Ejemplar | Price effective from | Tipo de ítem | Perdido | Sistema de clasificación | Dañado | No prestable | Tipo de ítem específico | Suprimido | Ubicación habitual | Ubicación actual | Localización | Fecha de creación | Forma de adquisición | Costo |
|---|---|---|---|---|---|---|---|---|---|---|---|---|---|---|---|---|---|---|
| FCS 949.501 D39 | 120000629 | 06/07/2012 | 3A. ED. V.3 | Ej.1 | 03/02/2013 | Libro | DEWEY | Fondos especiales | Archivo Histórico | Archivo histórico | 28/02/2003 | Donación | 1000.00 | |||||
| FCS 949.501 D39 | 120000627 | 06/07/2012 | 3A. ED. V.1 | Ej.1 | 03/02/2013 | Libro | DEWEY | Fondos especiales | Archivo Histórico | Archivo histórico | 28/02/2003 | Donación | 1000.00 | |||||
| FCS 949.501 D39 | 120000628 | 06/07/2012 | 3A. ED. V.2 | Ej.1 | 03/02/2013 | Libro | DEWEY | Fondos especiales | Archivo Histórico | Archivo histórico | 28/02/2003 | Donación | 1000.00 | |||||
| FCS 949.501 D39 | 120000630 | 06/07/2012 | 3A. ED. V.4 | Ej.1 | 03/02/2013 | Libro | DEWEY | Fondos especiales | Archivo Histórico | Archivo histórico | 28/02/2003 | Donación | 1000.00 |